Personnage Suicide Squad 1&2 en image - Statistiques

Statistiques générales
  • Ce quiz a été pris 18 fois
  • Le résultat moyen est 13 sur 40
Statistiques - réponses
Par images Réponse % Correct
Harley Quinn
100%
Le Joker
100%
Batman
94%
T.D.K.
88%
Barry Allen (Flash)
75%
Deadshot
75%
Enchanteresse
75%
Killer croc
63%
Amanda Waller
56%
captain boomerang
56%
Chato Santana (El Diablo)
56%
King Shark
50%
Peacemaker
44%
Rick Flag
44%
Tatsu Yamashiro (Katana)
44%
Monster T
31%
Panda Man
31%
Bloodsport
25%
Polka-Dot Man
25%
Polka-Dot Man's Mom
25%
Ratcatcher
25%
Sebastian rat
25%
June Moon
19%
Black Adam
13%
Griggs
13%
Weasel
13%
Blackguard
6%
Javelin
6%
Jonny Frost
6%
Lieutenant gq Edwards
6%
Milton
6%
Mongal
6%
Savant
6%
Silvio Luna
6%
Thinker
6%
Yakuza Boss (Slipknot)
6%
Grace Santana
0%
Sliced Dome Soldado
0%
Sol Soria
0%
Tyla Dubois
0%
Aucun quiz correspondant
Distribution des résultats
% des personnes avec chaque résultat
Percentile par nombre de réponses
Votre historique - résultats
Vous n’avez pas pris ce quiz